000
00199 a2200097 4500
001
42495
100
_a
Ziegler
245
_a
Rocket fighter
260
_a
London
_b
Macdonald
_c
090
_c
26408
_d
26408
942
_a
NUST-CAE
_c
M
_c
18234
999
_c
277568
_d
277568